1125 1561 1912 1613 1601 1640 1205 2000 1756 1257 1085 1903 1211 1210 1817 1506 1851 1856 1435 1144 1852 1688 1265 1421 1840 1949 1396 1988 1739 1814 1214 1498 1386 1828 1823 1857 1757 1732 1231 1042 1831 1996 1842 1835 1180 1135 1967 1459 1988 1172 1259 1484 1574 1038 1368 1875 1070 1426 1854 1492 1908 1427 1260 1226 1173 1056 1428 1449 1757 1807 1567 1324 1552 1550 1010 1439 1668 1793 1753 1175 1418 1359 1773 1848 1295 1655 1335 1501 1730 1293 1092 1659 1599 1688 1471 1278 1095 1735 1446 BCNSPRNW ULIB Ver.6.0+V

เปลี่ยนเป็นภาษาไทย

Change to English
 แสดงรายละเอียดบรรณานุกรม
  กลับหน้าหลัก

Brief Record : Get Marc (ISO 2709) : E-mail record : QR code < ปิดหน้าต่าง
LEADER : 00000nam 2200000uu 4500
001    13399126562
003     ULIB
008    020711s2555 th a 000 0 tha d
020    ^a9786167405520
050    ^aนว^bส664พ
100    ^aสายไหม
245    ^aเพลิงมารยาทะเลหัวใจ
260    ^aนนทบุรี :^bทัช,^c2555
300    ^a384 หน้า;^b21 ซม.
650    ^aนวนิยาย
945    ^p260^l0^i004744
999    ^aประนอม เกษจรัล
รายการนี้ยังไม่มีแท็ก
คุณยังไม่ได้ล็อกอิน คุณสามารถมีกิจกรรมร่วมกับเว็บไซต์ได้ แต่ต้องล็อกอินก่อน ::
  ล็อกอิน

รายการสื่อสารสนเทศ

ลำดับที่ ประเภท เลขเรียก/บาร์โค้ด สถานที่ สถานะ
1. นวนิยาย
นวนิยาย
นว ส664พ ฉ.1 
  Barcode: 004744
ห้องสมุดวิทยาเขตสวรรค์ประชารักษ์
►นวนิยาย
บนชั้น
  ขอยืม

รายการใกล้เคียง
    ผู้แต่ง [สายไหม]

    หัวเรื่อง [นวนิยาย]

BibComment


ยังไม่เคยถูกคอมเมนท์

คอมเมนท์ทรัพยากรรายการนี้
  คอมเมนท์: เพลิงมารยาทะเลหั..


 Copyright 2026. Bcnsprnw @Library